Szczegóły MARC21

Materiały do działalności pedagogicznej Stanisława Staszica /

003 -Nazwa inst., której nr kontr. jest w polu 001 [,]
    • @
    • Nazwa instytucji, której n kontrolny jest w polu 001
    • NUKAT
005 -DATA I CZAS OSTATNIEJ MODYFIKACJI [,]
    • @
    • pole kontrolne
    • 20241231101644.0
040 -Instytucja sporządzająca opis [ , ]
    • a
    • Instytucja, która sporządziła opis (NP)
    • TOR U/PDJR
    • b
    • Język katalogowania
    • pol
    • e
    • Zasady katalogowania
    • rda
    • c
    • Instytucja, która sporządziła rekord (NP)
    • TOR U/PDJR
    • d
    • Instytucja, która zmodyfikowała rekord (P)
    • TOR U/AP
    • d
    • Instytucja, która zmodyfikowała rekord (P)
    • GD PAN/JSs
    • d
    • Instytucja, która zmodyfikowała rekord (P)
    • WA 325/JK
942 -Rodzaj dokumentu [ , ]
    • c
    • Rodzaj dokumentu
    • Książka
245 -Strefa tytułu i oznaczenia odpowiedzialności [0,0]
    • a
    • Tytuł
    • Materiały do działalności pedagogicznej Stanisława Staszica / Find
    • c
    • Pozostałe elementy strefy tytułu i oznaczenia odpowiedzialności (NP)
    • opracował i wstępem opatrzył Tadeusz Nowacki ; redaktor naukowy tomu Jan Hulewicz.
260 -Strefa adresu wydawniczego [ , ]
    • a
    • Miejsce wydania (P)
    • Wrocław :
    • b
    • Nazwa wydawcy (P)
    • Zakład Narodowy im. Ossolińskich - Wydawnictwo,
    • c
    • Data wydania (P)
    • 1957.
300 -Strefa opisu fizycznego [ , ]
    • a
    • Określenie formy książki i/lub objętość (NP)
    • CVIII, 292 strony, [1] karta tablic :
    • b
    • Oznaczenie ilustracji (NP)
    • ilustracje ;
    • c
    • Format (NP)
    • 26 cm.
336 -Typ zawartości [ , ]
    • a
    • Termin opisujący typ zawartości
    • Tekst
    • b
    • Kod określający zawartość
    • txt
    • 2
    • Źródło (terminu i kodu)
    • rdacontent
337 -Typ mediów [ , ]
    • a
    • Tryb odtwarzania
    • Bez urządzenia pośredniczącego
    • b
    • Kod typu mediów
    • n
    • 2
    • Źródło (terminu i kodu)
    • rdamedia
338 -Typ/rodzaj nośnika [ , ]
    • a
    • Hasło opisujące typ nośnika
    • Wolumin
    • b
    • Kod typu nośnika
    • nc
    • 2
    • Źródło (terminu i kodu)
    • rdacarrier
490 -Strefa serii i książki wielotomowej - forma nie do wyszukiwania [1, ]
    • a
    • Tytuł (P)
    • Źródła do Dziejów Myśli Pedagogicznej ; Find
    • v
    • Numeracja (P)
    • t. 2
830 -Hasło dodatkowe serii i opisu książki wielotomowej - tytuł ujednolicony/tytuł [ ,0]
    • a
    • Tytuł ujednolicony/tytuł (NP)
    • Źródła do Dziejów Myśli Pedagogicznej
    • x
    • ISSN
    • 0084-5698
    • v
    • Oznaczenie tomu (NP)
    • 2
    • 9
    • KHW
    • 17483
504 -Uwaga dot. bibliogr. załącznikowej [ , ]
    • a
    • Uwaga dot. bibliografii załącznikowej
    • Bibliografia na stronach CIV-CVIII. Indeksy.
080 -Uniwersalna Klasyfikacja Dziesiętna [ , ]
    • a
    • Symbol klasyfikacji
    • 37(093)"17/18"
080 -Uniwersalna Klasyfikacja Dziesiętna [ , ]
    • a
    • Symbol klasyfikacji
    • :929 Staszic S.
600 -Hasło przedmiotowe w formie nazwy osobowej [1,7]
    • a
    • Nazwa osobowa
    • Staszic, Stanisław
    • d
    • Daty związane z nazwą
    • (1755-1826)
    • x
    • Określnik rzeczowy
    • wkład do edukacji.
    • 2
    • Źródło terminu
    • kaba
    • 9
    • KHW
    • 452361
980 -Symbol UKD [ , ]
    • a
    • UKD
    • 37(093)"17/18":929 Staszic S.
700 -Hasło dodatkowe - nazwa osobowa [1, ]
    • a
    • Nazwa osobowa (NP)
    • Nowacki, Tadeusz Wacław Find
    • d
    • Daty biograficzne (NP)
    • (1913-2011).
    • e
    • Określenie rodzaju współpracy
    • Redakcja
    • 9
    • KHW
    • 57470
700 -Hasło dodatkowe - nazwa osobowa [1, ]
    • a
    • Nazwa osobowa (NP)
    • Hulewicz, Jan Find
    • d
    • Daty biograficzne (NP)
    • (1907-1980).
    • e
    • Określenie rodzaju współpracy
    • Redakcja
    • 9
    • KHW
    • 71254
710 -Hasło dodatkowe - nazwa ciała zbiorowego [2, ]
    • a
    • Nazwa ciała zbiorowego lub nazwa geograficzna jako pierwszy element (NP)
    • Zakład Narodowy im. Ossolińskich.
    • b
    • Nazwa jednostki podrzędnej (P)
    • Wydawnictwo.
    • e
    • Rodzaj współpracy
    • Wydawca
    • 4
    • Kod relacji
    • pbl
    • 9
    • KHW
    • 54188
Data inwentaryzacji Lokalizacja Status udost. Numer inwentarzowy
1995-10-19BG1Pd.7951
 BG-3SN.9750
 BG-3SN.14950
 BG-3SN.20546